Longman preparation series for the TOEIS test : Introductory course

保存先:
書誌詳細
第一著者: Lougheed, Lin
フォーマット: 図書
言語:Undetermined
出版事項: New York Longman 2005
主題:
タグ: タグ追加
タグなし, このレコードへの初めてのタグを付けませんか!
Thư viện lưu trữ: Trung tâm Học liệu Trường Đại học Cần Thơ
LEADER 00682nam a2200205Ia 4500
001 CTU_199345
008 210402s9999 xx 000 0 und d
082 |a 428.076 
082 |b L887 
100 |a Lougheed, Lin 
245 0 |a Longman preparation series for the TOEIS test : 
245 0 |b Introductory course 
245 0 |c Lin Lougheed 
260 |a New York 
260 |b Longman 
260 |c 2005 
650 |a Test of English for internationl communication,English laguage,English language 
650 |x Study guide,Business English,Examination,Study guide,Text book for foreign speakers 
904 |i Tuyến 
980 |a Trung tâm Học liệu Trường Đại học Cần Thơ